Justin Bieber's US No.1s - Statistics

General Stats
  • This quiz has been taken 31 times
  • The average score is 5 of 8
Answer Stats
Album Answer % Correct
Purpose Sorry
89%
Purpose What Do You Mean?
82%
Purpose Love Yourself
79%
F*ck Love 3: Over You Stay
68%
Justice Peaches
57%
Vida Despacito (Remix)
50%
Grateful I'm the One
29%
Single Stuck with U
14%
No matching quizzes found
Score Distribution
Percent of People with Each Score
Percentile by Number Answered
Your Score History
You have not taken this quiz